Emotion in motion (Record no. 135381)
[ view plain ]
| 000 -LEADER | |
|---|---|
| fixed length control field | 01534nam a2200373 a 4500 |
| 082 04 - DEWEY DECIMAL CLASSIFICATION NUMBER | |
| Classification number | 306.4/819 |
| 245 00 - TITLE STATEMENT | |
| Title | Emotion in motion |
| 260 ## - PUBLICATION, DISTRIBUTION, ETC. (IMPRINT) | |
| Place of publication | Farnham, England ; |
| -- | Burlington, Vt. : |
| Name of publisher | Ashgate Pub. Co., |
| Year of publication | 2012. |
| 300 ## - PHYSICAL DESCRIPTION | |
| Number of Pages | x, 298 p. : |
| Other physical details | ill. |
| 490 1# - SERIES STATEMENT | |
| Series statement | New directions in tourism analysis |
| 505 0# - FORMATTED CONTENTS NOTE | |
| Formatted contents note | pt. 1. Emotions and inner journeys -- pt. 2. The emotions of attractions -- pt. 3. Institutionalizing emotions in tourism. |
| 650 #0 - SUBJECT ADDED ENTRY--TOPICAL TERM | |
| Topical Term | Tourism. |
| Topical Term | Tourism |
| Topical Term | Emotions. |
| 700 1# - ADDED ENTRY--PERSONAL NAME | |
| Personal name | Picard, David. |
| Personal name | Robinson, Mike, |
| 856 40 - ELECTRONIC LOCATION AND ACCESS | |
| Uniform Resource Identifier | http://site.ebrary.com/lib/rucke/Doc?id=10541038 |
No items available.
